The evolving workspace (Record no. 81046)

MARC details
000 -LEADER
fixed length control field 00943cab a22001935a 4500
001 - CONTROL NUMBER
control field L146143
008 - FIXED-LENGTH DATA ELEMENTS--GENERAL INFORMATION
fixed length control field 081211s2008 xxk f 000 0 eng d
035 ## - SYSTEM CONTROL NUMBER
System control number (Sirsi) u146143
041 0# - LANGUAGE CODE
Language code of text/sound track or separate title eng
110 2# - MAIN ENTRY--CORPORATE NAME
Corporate name or jurisdiction name as entry element Premises and Facilities Management
9 (RLIN) 5668
245 04 - TITLE STATEMENT
Title The evolving workspace
260 ## - PUBLICATION, DISTRIBUTION, ETC.
Date of publication, distribution, etc. 2008
490 #0 - SERIES STATEMENT
Series statement Premises and Facilities Management
Volume/sequential designation October 2008, 14-16(2)
520 ## - SUMMARY, ETC.
Summary, etc. Argues that property managers must shift from focusing on saving space and cost, to creating workplaces that enhance individual creativity and performance, team collaboration and innovation, and the productivity and success of the occupying business. Considers the sociological, technological, economic and political aspects of business change. Provides a checklist of paradigm shifts in the way the workplace is designed and managed.
590 ## - LOCAL NOTE (RLIN)
Local note KA
651 #4 - SUBJECT ADDED ENTRY--GEOGRAPHIC NAME
Geographic name United Kingdom
Chronological subdivision
690 ## - LOCAL SUBJECT ADDED ENTRY--TOPICAL TERM (OCLC, RLIN)
Topical term or geographic name as entry element MANAGEMENT-FACILITIES MANAGEMENT
942 ## - ADDED ENTRY ELEMENTS (KOHA)
Suppress in OPAC 0
Holdings
Withdrawn status Lost status Source of classification or shelving scheme Damaged status Not for loan Home library Current library Shelving location Date acquired Total Checkouts Full call number Barcode Date last seen Copy number Price effective from Koha item type
    Dewey Decimal Classification     London London Journal article 11/12/2008   L146143 146143-1001 06/08/2019 1 06/08/2019 Journal article